000 00961cam a22001934a 4500
005 20250605164041.0
008 250528s ||||||||||||||||||||||||d
035 _a16976
020 _a520082761
040 _aGR-AtMCL
_bgre
_dGR-AtMCL
_eAACR2
245 1 _aThe Culture of Pain
260 _bUniversity Of California Press,
_c1991
300 _a348
520 _aA deeper understanding of our common afflictions, our humanity, and our ennobling struggle for transcendence. Figures, Acknowledgements, Introduction, Living Pain: Mystery or Puzzle?, The Meanings of Pain, An Invisible Epidemic, The Pain of Comedy, Hysteria and Pain and Gender, Visionary Pain and the Politics of Suffering, Pain is Always in Your Head, The Uses of Pain, Painful Pleasures: Beauty and Affliction, Sex and Pain and the Marquis de Sade, Tragic Pain, The Future of Pain, Notes, Index.
700 1 _aMorris David B
_93097
942 _cBK
999 _c2419
_d2419